02755nam a22002657a 45000010005000000030006000050050017000110080041000280200018000690400029000870820015001161000021001312450384001522600054005363000051005904900041006415050008006825201073006905200531017635210029022945210020023236500082023436500036024257000028024619142FISKH20251125115202.0251125b cb ||||| |||| 00| 0 eng d a9789995001018 aFISKHbkhrcFISKHdFISKH a398.209596 aSotheary, Kimsun aនាងកុលធីតា​ :bKol Thida / cរៀបរៀងដោយ អ្នកស្រី គឹមស៊ុន សុធារី ,​ ត្រួតពិនិត្យអក្ខរាវិរុទ្ធ អ្នកនាង វ៉ាត ចរិយា , កញ្ញា វុិច វឌ្ឍនា និង កញ្ញា ហម លីមឆេង  aភ្នំពេញ : bReading Books , c2010. a20 pages : bcolor illustrations ; c25 cm .  aពិភពរឿងនិទាន aJ  aកាលដើមឡើយមានកុដុម្ពិក:ម្នាក់ជាអ្នកមានស្តុកស្តម ប៉ុន្តែពួកគេគ្មានកូនទេ ។​ ស្រ្តីជាភរិយាក៏ទៅដណ្តឹងប្រពន្ធអោយប្តី ។ ក្រោយប្រពន្ធចុងមានផ្ទៃពោះប្រពន្ធដើមក៏ដាក់ថ្នាំពុលស្លាប់ទាំងម្តាយទាំងកូន ។ លុះដល់ពួកគេស្លាប់រៀងៗខ្លួនគេក៏តាមផ្តន្ទាគ្នាគ្រប់ៗជាតិ ។ ជាតិបន្ទាប់ម្នាក់កើតជាមនុស្សឈ្មោះកុលធីតា ម្នាក់កើតជាយក្ខណី ។ ព្រះសង្ឃក៏សម្រុះសម្រួលអោយពួកនាងទាំងពីររាប់អានគ្នាជាបងប្អូន ។  aLong ago, there was a wealthy couple, but they had no children. The wife persuaded her husband to take a second wife. When the second wife became pregnant, the first wife poisoned her, causing both the mother and the unborn child to die. After their deaths, they continued to harm one another throughout each of their reincarnations. In a later life, one was reborn as a human named Koltida, and the other was reborn as a female ogress. A monk eventually reconciled the two of them, urging them to treat each other as sisters.8 a500 bLexile estimate 8 aJ bRaz-Plus  aនាងកុលធីតា​vរឿងនិទានកុមារ​ aKol Thida vChildren's Stories  aSan, ThaieIllustrator